000 00597nam a2200229Ia 4500
003 OSt
005 20220924145647.0
006 a|||||r|||| 00| 0
007 ta
008 220923b |||||||| |||| 00| 0 tel d
024 _a329709
037 _cTextual
040 _aARTS
_cARTS
_btel
041 _2tel
_atel
082 _aO142,3M28w, 35K5
100 _aRao Ramamohana Au.
_9220247
245 0 _aJolstoy jeeritam
260 _c1965
650 _aRUSSIAN LITERATURE
_915056
942 _hO142,3M28w, 35K5
_cTEXL
_2CC
999 _c460754
_d460754